Les skieurs alpins du XXe siècle (par image) - Statistiques

Statistiques générales
  • Ce quiz a été pris 50 fois
  • Le résultat moyen est 5 sur 20
Statistiques - réponses
Par images Réponse % Correct
Jean-Claude Killy
80%
Alberto Tomba
65%
Luc Alphand
54%
Ingemar Stenmark
52%
Franck Piccard
35%
Pirmin Zurbriggen
35%
Kjetil André Aamodt
26%
Bernhard Russi
22%
Roland Collombin
20%
Zeno Colò
20%
Émile Allais
17%
Marc Girardelli
17%
Lasse Kjus
15%
Franz Klammer
13%
Henri Oreiller
13%
Piero Gros
11%
Gustav Thöni
9%
Karl Schranz
9%
Phil Mahre
7%
Toni Sailer
4%
Aucun quiz correspondant
Distribution des résultats
% des personnes avec chaque résultat
Percentile par nombre de réponses
Votre historique - résultats
Vous n’avez pas pris ce quiz